Statistiques concernant Culture Générale - Série 738

Cliquez ici pour prendre le quiz!

Statistiques générales

  • Ce quiz a été pris 220 fois
  • Le résultat moyen est 6 sur 10

Statistiques - réponses

QuestionRéponse% Correct
Complétez le titre du film réalisé en 1986 par Bertrand Blier, "Tenue de ...soirée
87%
Hormis le chameau, quel autre animal a pour femelle la chamelle ?dromadaire
87%
En 1979, quel chanteur rencontra le succès avec : "Je l'aime à mourir" ?Francis Cabrel
84%
Pour quelle ville évoluent les footballeurs du T.F.C. ?Toulouse
76%
Complétez les paroles de la chanson de Johnny Hallyday : "Toute la musique que j'aime, elle vient de là, elle vient du...blues
68%
Que signifie la lettre "L" du sigle "MLF", mouvement féministe fondé en 1968 ?Libération
65%
Dans quelle chanson de 1974 Daniel Guichard évoque-t-il son père ?Mon vieux
57%
Quelle chanteuse a publié le livre "La Valise en carton" dans les années 80 ?Linda de Suza
37%
Quel comédien ayant incarné le commissaire Maigret à la télévision a donné son nom à un cirque ?Jean Richard
20%
Complétez le titre du roman de l'abbé Prevost, "Histoire du Chevalier des Grieux et de ...Manon Lescaut
7%

Distribution des résultats

Percentile par nombre de réponses

% des personnes avec chaque résultat

Votre développement - résultats

Vous n’avez pas pris ce quiz